[Event "Koge Bugt Sommer 2014"]
[Site "Solrod Skole"]
[Date "2014.08.20"]
[Round "3.6"]
[White "Christensen, Verner"]
[Black "Wieland, Carsten"]
[Result "1-0"]
[WhiteElo "1840"]
[BlackElo "1480"]
[PlyCount "47"]
[EventDate "2014.??.??"]
[WhiteTeam "Solrød Skakklub"]
[BlackTeam "Solrød Skakklub"]

1. e4 e6 2. d4 d5 3. Nc3 Bb4 4. Bd2 c5 5. dxc5 Bxc5 6. Qg4 Qf6 7. O-O-O Bxf2 8.
Nxd5 exd5 9. Qxc8+ Qd8 10. Qxd8+ Kxd8 11. Bg5+ f6 12. Rxd5+ Ke8 13. Nh3 fxg5
14. Nxf2 h6 15. Bb5+ Nc6 16. Rhd1 Nge7 17. Rd7 Rf8 18. Ng4 Rb8 19. Ne5 a6 20.
Nxc6 Nxc6 21. Bxc6 bxc6 22. Rxg7 Rf2 23. e5 Re2 24. Rg8+ 1-0

[Event "Koge Bugt Sommer 2014"]
[Site "Solrod Skole"]
[Date "2014.08.20"]
[Round "3.7"]
[White "Christensen, Peter"]
[Black "Christiansen, Casper"]
[Result "1-0"]
[WhiteElo "1694"]
[BlackElo "1285"]
[PlyCount "75"]
[EventDate "2014.??.??"]
[WhiteTeam "Køge Skakklub"]
[BlackTeam "Greve Skakklub"]

1. d4 d5 2. c4 Nf6 3. Nc3 c6 4. Nf3 Nbd7 5. cxd5 cxd5 6. e3 e6 7. Bd3 Bb4 8.
O-O O-O 9. Qc2 g6 10. Re1 Ne4 11. Nd2 Ndf6 12. a3 Ba5 13. b4 Bc7 14. Ncxe4 dxe4
15. Nxe4 Nd5 16. Nd2 Qd6 17. Nf3 Nf6 18. e4 Qe7 19. Bg5 e5 20. Bxf6 Qxf6 21.
Qxc7 exd4 22. Qe5 Qd8 23. Rac1 Be6 24. Rc5 b6 25. Rcc1 Re8 26. Qf4 Bb3 27. e5
Rf8 28. Bc4 Ba4 29. Qxd4 b5 30. Ba2 Qxd4 31. Nxd4 Kh8 32. Re3 Rad8 33. Nf3 f5
34. Ng5 Rd2 35. Bf7 Rfd8 36. Rce1 f4 37. Rh3 Rd1 38. Rxh7# 1-0

[Event "Koge Bugt Sommer 2014"]
[Site "Solrod Skole"]
[Date "2014.08.20"]
[Round "3.8"]
[White "Larsen, Jørgen René"]
[Black "Simonsen, Per Barndorff"]
[Result "1-0"]
[WhiteElo "1828"]
[BlackElo "1869"]
[PlyCount "77"]
[EventDate "2014.??.??"]
[WhiteTeam "Jernbanens Skakklub"]
[BlackTeam "Ishøj Skakklub"]

1. Nf3 d5 2. d4 Nf6 3. g3 b6 4. Bg2 Bb7 5. Nc3 e6 6. Bg5 h6 7. Bxf6 gxf6 8. e3
Nd7 9. Nd2 f5 10. Ne2 Nf6 11. Nf4 Be7 12. Nf3 Ba6 13. Ne5 Qd6 14. Qd2 Rc8 15.
Nfd3 c5 16. c3 Ne4 17. Qe2 h5 18. f3 Nf6 19. Qc2 cxd4 20. exd4 h4 21. g4 h3 22.
Bf1 fxg4 23. Nxg4 Nd7 24. Nde5 b5 25. Nxd7 Bh4+ 26. Kd1 Kxd7 27. Ne5+ Ke7 28.
a3 Bg5 29. Qb3 Bf4 30. Qb4 Bxe5 31. dxe5 Qc5 32. Qf4 Rcf8 33. Be2 Rh5 34. Kd2
f5 35. Qb4 Rc8 36. Rhg1 Kf7 37. Rac1 Qf2 38. Qd6 Qb6 39. Qd7+ 1-0

[Event "Koge Bugt Sommer 2014"]
[Site "Solrod Skole"]
[Date "2014.08.20"]
[Round "3.9"]
[White "Andersen, Hans E"]
[Black "Refsgaard, Kaj"]
[Result "0-1"]
[WhiteElo "1697"]
[BlackElo "1639"]
[PlyCount "73"]
[EventDate "2014.??.??"]
[WhiteTeam "Skovbo Skakklub"]
[BlackTeam "Jernbanens Skakklub"]

1. e4 c5 2. Nc3 Nc6 3. Nf3 g6 4. Bc4 Bg7 5. Nd5 d6 6. c3 Nf6 7. d3 O-O 8. h3 a6
9. a4 Nxd5 10. Bxd5 Ne5 11. Ng5 e6 12. Bb3 Rb8 13. f4 Nc6 14. O-O Bf6 15. Nf3
b5 16. axb5 axb5 17. Bd2 b4 18. Ba4 bxc3 19. bxc3 Ne7 20. Qe1 Bd7 21. e5 dxe5
22. fxe5 Bg7 23. Bg5 Bxa4 24. Rxa4 Qd7 25. Ra2 Nc6 26. Qe4 Rb3 27. Ra6 Rc8 28.
Rfa1 Qb7 29. Qa4 Nxe5 30. Nd2 Rb2 31. Ra7 Qc6 32. d4 Qxa4 33. R7xa4 cxd4 34.
cxd4 Nd7 35. Ra7 Bxd4+ 36. Kh2 Bxa7 37. Rxa7 0-1

[Event "Koge Bugt Sommer 2014"]
[Site "Solrod Skole"]
[Date "2014.08.20"]
[Round "3.10"]
[White "Krag-Jacobsen, Alan"]
[Black "Jørgensen, Leif"]
[Result "1-0"]
[WhiteElo "1630"]
[BlackElo "1646"]
[PlyCount "67"]
[EventDate "2014.??.??"]
[WhiteTeam "Solrød Skakklub"]
[BlackTeam "Solrød Skakklub"]

1. d4 d5 2. c4 e6 3. Nc3 Nf6 4. Bg5 Nbd7 5. e3 dxc4 6. Bxc4 Be7 7. Nf3 c6 8. a3
b5 9. Bd3 Qb6 10. O-O Nd5 11. Nxd5 cxd5 12. Bf4 a6 13. Rc1 Nf6 14. Ne5 Bb7 15.
Qe2 Bd6 16. Rc2 Rc8 17. Rfc1 Rxc2 18. Rxc2 O-O 19. g4 Rc8 20. g5 Bxe5 21. Bxe5
Nd7 22. Rxc8+ Bxc8 23. Qc2 Bb7 24. Bxh7+ Kf8 25. Bg3 Ke8 26. Bd3 Nf8 27. h4 g6
28. Be5 Qd8 29. Bf6 Qd7 30. Qc5 Nh7 31. Be5 Bc6 32. Qc2 Nf8 33. Bg7 Qe7 34.
Qxc6+ 1-0

[Event "Koge Bugt Sommer 2014"]
[Site "Solrod Skole"]
[Date "2014.08.20"]
[Round "3.11"]
[White "Sørensen, Aron Frank"]
[Black "Thinggaard, Jørgen"]
[Result "1-0"]
[WhiteElo "1700"]
[BlackElo "1437"]
[PlyCount "75"]
[EventDate "2014.??.??"]
[WhiteTeam "Solrød Skakklub"]
[BlackTeam "Solrød Skakklub"]

1. c4 e5 2. g3 Nf6 3. Bg2 Nc6 4. Nc3 Bb4 5. Nf3 Bxc3 6. bxc3 O-O 7. O-O d5 8.
cxd5 Qxd5 9. Qc2 e4 10. Ne1 Bf5 11. Qb3 Na5 12. Qxd5 Nxd5 13. Rb1 c6 14. e3 b6
15. Nc2 c5 16. Na3 Rad8 17. Rb2 Nc7 18. f3 exf3 19. Rxf3 Bd3 20. Bf1 Ne6 21.
Bxd3 Rxd3 22. Kf1 Ng5 23. Rf4 h6 24. Nb5 Nc6 25. c4 Ne5 26. Ke2 Re8 27. Nxa7
Rd4 28. exd4 Nxc4+ 29. Kd3 Nxb2+ 30. Bxb2 Ra8 31. Nb5 cxd4 32. Nxd4 Rxa2 33.
Bc3 Ra7 34. h4 Ne6 35. Nxe6 fxe6 36. Rb4 Re7 37. Rxb6 e5 38. Ke4 1-0